| 000 | 00655nam a2200193 i 4500 | ||
|---|---|---|---|
| 001 | 26770 | ||
| 003 | ES-MaACL | ||
| 005 | 20230906153510.0 | ||
| 007 | t| | ||
| 008 | 030110s1970 xxu ||||1| eng d | ||
| 100 | 1 |
_aAustern, Norman. _923954 |
|
| 245 | 1 | 0 |
_aDirect nuclear reaction theories / _cNorman Austern. |
| 260 |
_aNew York : _bJohn Wiley and Sons, _c[1970] |
||
| 300 |
_aIX, 390 p. : _bgráf. ; _c24 cm. |
||
| 490 | 1 |
_aInterscience monographs and texts in Physics and Astronomy ; _v25 |
|
| 830 | 0 |
_aInterscience monographs and texts in Physics and Astronomy ; _v25 _9229181 |
|
| 852 |
_aES-MaACL _jC-56371 _bR.89093 |
||
| 999 |
_c26770 _d26770 |
||